| 000 | 00666nam a2200205 a 4500 | ||
|---|---|---|---|
| 001 | 000028708 | ||
| 005 | 20200930055106.0 | ||
| 008 | 110411s1980 dr 000 0 spa d | ||
| 020 | _a9682303931 | ||
| 040 |
_aDO-SdBNP _bspa _cBNPHU |
||
| 100 | 1 |
_aBadiou, Alain _946568 |
|
| 245 | 1 | 0 |
_aMaterialismo histórico y materialismo dialéctico / _cAlain Badiou, Louis Althusser. |
| 250 | _a8a ed. | ||
| 260 |
_aSanto Domingo : _bEdisiones pasado y presente, _c1980. |
||
| 300 |
_a99 p. ; _c21 cm. |
||
| 490 | 1 |
_aCuadernos de pasado y presente _v8 |
|
| 700 | 1 |
_aAlthusser, Louis _d1918 - 1990 _955695 |
|
| 830 | 0 |
_aCuadernos de pasado y presente _n8 _955696 |
|
| 049 | _aBNPD | ||
| 999 |
_c28200 _d28200 |
||